Rzeczownik pochodzący od słowa „szkoła”. - Statystyki

Ogólne statystyki
  • Ten quiz został rozwiązany 91 razy
  • Średni wynik to 2 z 5
Statystyki odpowiedzi
Odpowiedź % Poprawnych
Szkółka
67%
Szkolenie
65%
Szkolnictwo
58%
Przedszkole
36%
Szkoleniowiec
21%
Nie znaleziono quizów pasujących do podanych kryteriów
Rozkład punktacji
Procent ludzi z każdym wynikiem
Percentyl według liczby udzielonych odpowiedzi
Twoja historia wyników
Nie rozwiązałeś tego quizu